000 03459cam a22013094i 4500
003 PE-LiUPU
005 20250813185646.0
008 150616s1995 sp a rb 000 0 spa d
020 _a8427709234
020 _a9788427709232
035 _a(Sirsi) i9788427709232
040 _aPE-LiUPU
_bspa
_cPE-LiUPU
_dPE-LiUPU
_erda
049 _aPRUA
082 0 4 _a370.5
_bG68
_220
082 0 4 _a375.26
_bG63
_221
100 1 _aGómez Masdevall, María Teresa,
_eautor.
245 1 0 _aPropuestas de intervención en el aula :
_btécnicas para lograr un clima favorable en la clase /
_cM. Teresa Gómez Masdevall, Victoria Mir i Costa, M. Gracia Serrats i Paretas.
264 1 _aMadrid :
_bNarcea,
_c1995.
300 _a286 páginas :
_bilustraciones ;
_c21 centímetros.
336 _atext
_2rdacontent
337 _aunmediated
_2rdamedia
338 _avolume
_2rdacarrier
490 0 _aColección Educación Hoy
504 _aBibliografía: páginas 281-286.
505 0 _aEnfoques teóricos -- Propuestas prácticas.
526 _aP202
526 _aP201
526 _aP163
526 _aP162
526 _aP161
526 _aP160
526 _aP148
526 _aP147
526 _aP146
526 _aP145
526 _aP144
526 _aP143
526 _aP142
526 _aP141
526 _aP140
526 _aP139
526 _aP138
526 _aP137
526 _aP136
526 _aP135
526 _aP134
526 _aP133
526 _aP129
526 _aP128
526 _aP127
526 _aP120
526 _aP119
526 _aP118
526 _aP116
526 _aP115
526 _aP114
526 _aP110
526 _aP109
526 _aP108
526 _aP104
526 _aP103
526 _aP102
526 _aP99
526 _aP98
526 _aP97
526 _aP96
526 _aP95
526 _aP93
526 _aP90
526 _aP89
526 _aP88
526 _aP83
526 _aP82
526 _aP62
526 _aP59
526 _aP58
526 _aP57
526 _aP51
526 _aP49
526 _aP48
526 _aP47
526 _aP29
526 _aP24
526 _aP20
526 _aP19
526 _aP17
526 _aP15
526 _aP14
526 _aP12
526 _aP10
526 _aP09
526 _aP08
526 _aP07
526 _aP06
526 _aP05
526 _aP04
526 _aP01
650 0 4 _aAulas
_xAmbiente.
650 0 4 _aDisciplina Escolar.
700 1 _aMir i Costa, Victoria,
_eautor.
700 1 _aSerrats i Paretas, Ma. Gracia,
_eautor.
910 _ajck
_bjvq
_cjck
910 _btqv
_caic
_d20161209
942 _2ddc
_cBOOK
949 _a370.5 G68
_wDEWEY
_c1
_iFJ04829
_lCCODEBUJ1
_mBUJ
_p16.00
_r0
_sY
_tBOOK
_u09/12/201
_xEDUCACIÓN
_PP20
_o.STAFF -- Colección General Juliaca
994 _aC0
_bPEPRU
596 _a1 3
999 _a375.26 G63
_wDEWEY
_c59777
_i42077
_d59777
_e2015-9-16
_f2021-11-8
_g6
_lCCODEBUL1
_mBUL
_n1
_p16.00
_r0
_sY
_tBOOK
_u2015-6-16
_xEDUCACION
_PP20
_0COMPRA
_o.STAFF. Colección Ciencias Humanas y Educación
999 _a370.5 G68
_wDEWEY
_c1
_iFJ04829
_f2022-1-18
_g3
_lCCODEBUJ1
_mBUJ
_p15.00
_r0
_sY
_tBOOK
_u2016-12-12
_xEDUCACION
_PP20
_0COMPRA
_o.STAFF. Colección General Juliaca
980 _81
_gALBERTO SANCHEZ Responsable de Automatización